000 00417nam a2200145Ia 4500
008 100204s9999 xx 000 0 und d
082 _b26951
100 _aभागवत मधुराणी
245 _aफुलोरा
260 _bप्रमोद प्रकाशन पुणे
_c2006
300 _a176
630 _aफुलोरा
730 _aफुलोरा
942 _cBOOK
999 _c472132
_d472129